<?xml version="1.0" encoding="UTF-8"?>
<record
    xmlns:xsi="http://www.w3.org/2001/XMLSchema-instance"
    xsi:schemaLocation="http://www.loc.gov/MARC21/slim http://www.loc.gov/standards/marcxml/schema/MARC21slim.xsd"
    xmlns="http://www.loc.gov/MARC21/slim">

  <leader>01490nam a2200253 a 4500</leader>
  <controlfield tag="001">000031798</controlfield>
  <controlfield tag="003">DO-SdBNP</controlfield>
  <controlfield tag="005">20250501120733.0</controlfield>
  <controlfield tag="008">110706t1956    cl            001 0 spa d</controlfield>
  <datafield tag="040" ind1=" " ind2=" ">
    <subfield code="a">DO-SdBNP</subfield>
    <subfield code="b">spa</subfield>
    <subfield code="c">BNPHU</subfield>
  </datafield>
  <datafield tag="049" ind1=" " ind2=" ">
    <subfield code="a">BNPD</subfield>
  </datafield>
  <datafield tag="082" ind1=" " ind2=" ">
    <subfield code="a">972.93053</subfield>
    <subfield code="b">G158e, 1956</subfield>
  </datafield>
  <datafield tag="100" ind1="1" ind2=" ">
    <subfield code="a"> Gal&#xED;ndez, Jes&#xFA;s de, </subfield>
    <subfield code="d">1915-1956</subfield>
    <subfield code="9">83901</subfield>
  </datafield>
  <datafield tag="245" ind1="1" ind2="3">
    <subfield code="a">La Era de Trujillo :</subfield>
    <subfield code="b">un estudio casu&#xED;stico de dictadura hispanoam&#xE9;ricana /</subfield>
    <subfield code="c">Jes&#xFA;s de Gal&#xED;ndez.</subfield>
  </datafield>
  <datafield tag="250" ind1=" " ind2=" ">
    <subfield code="a">4a ed.</subfield>
  </datafield>
  <datafield tag="260" ind1=" " ind2=" ">
    <subfield code="a">Santiago de Chile :</subfield>
    <subfield code="b">Del Pac&#xED;fico,</subfield>
    <subfield code="c">1956.</subfield>
  </datafield>
  <datafield tag="300" ind1=" " ind2=" ">
    <subfield code="a">452 p. ;</subfield>
    <subfield code="c">19 cm.</subfield>
  </datafield>
  <datafield tag="504" ind1=" " ind2=" ">
    <subfield code="a">Incluye bibliograf&#xED;a y notas al pie de p&#xE1;ginas.</subfield>
  </datafield>
  <datafield tag="505" ind1="0" ind2=" ">
    <subfield code="g">Pr&#xF3;logo de los editores --</subfield>
    <subfield code="t">Testamento de Jes&#xFA;s de Gal&#xED;ndez --</subfield>
    <subfield code="g">Introducci&#xF3;n : La dictadura hispanoamericana --</subfield>
    <subfield code="g">I. Sinopsis hist&#xF3;rica de un cuarto de siglo :</subfield>
    <subfield code="t">La Era de Trujillo --</subfield>
    <subfield code="g">II. An&#xE1;lisis del r&#xE9;gimen pol&#xED;tico bajo Trujillo :</subfield>
    <subfield code="t">Parodia constitucional --</subfield>
    <subfield code="t">Elecciones y renuncias --</subfield>
    <subfield code="t">Terror difuso en vez de libertad --</subfield>
    <subfield code="t">Partido &#xFA;nico y sindicato de gobierno --</subfield>
    <subfield code="t">Instituciones sociales de relleno --</subfield>
    <subfield code="t">Estilo personal del tirano --</subfield>
    <subfield code="t">Repercusiones de la pol&#xED;tica internacional --</subfield>
    <subfield code="t">El anticomunismo de Trujillo --</subfield>
    <subfield code="t">La obra positiva del R&#xE9;gimen Trujillista --</subfield>
    <subfield code="t">Cr&#xED;tica del r&#xE9;gimen y grupos de oposici&#xF3;n --</subfield>
    <subfield code="t">Conclusiones --</subfield>
  </datafield>
  <datafield tag="650" ind1="1" ind2="0">
    <subfield code="a">Demograf&#xED;a</subfield>
    <subfield code="9">45443</subfield>
  </datafield>
  <datafield tag="651" ind1=" " ind2="4">
    <subfield code="a">Rep&#xFA;blica Dominicana</subfield>
    <subfield code="x">Pol&#xED;tica Y Gobierno</subfield>
    <subfield code="y">ERA DE TRUJILLO, 1930-1961</subfield>
    <subfield code="9">1374</subfield>
  </datafield>
  <datafield tag="910" ind1=" " ind2=" ">
    <subfield code="a">Validado. Control de calidad EMS.</subfield>
  </datafield>
  <datafield tag="942" ind1=" " ind2=" ">
    <subfield code="2">ddc</subfield>
    <subfield code="c">LBS1</subfield>
  </datafield>
  <datafield tag="952" ind1=" " ind2=" ">
    <subfield code="0">0</subfield>
    <subfield code="1">0</subfield>
    <subfield code="5">0</subfield>
    <subfield code="7">1</subfield>
    <subfield code="8">RV</subfield>
    <subfield code="a">PD</subfield>
    <subfield code="b">PD</subfield>
    <subfield code="c">HD</subfield>
    <subfield code="d">2011-07-06</subfield>
    <subfield code="i">LF1</subfield>
    <subfield code="l">0</subfield>
    <subfield code="o">972.93053 G158e, 1956</subfield>
    <subfield code="p">31798-10</subfield>
    <subfield code="r">2020-06-25</subfield>
    <subfield code="w">2020-06-25</subfield>
    <subfield code="y">1</subfield>
    <subfield code="z">Perteneci&#xF3; a la biblioteca personal de Germ&#xE1;n Emilio Ornes</subfield>
    <subfield code="Z">No se presta</subfield>
  </datafield>
  <datafield tag="999" ind1=" " ind2=" ">
    <subfield code="c">31290</subfield>
    <subfield code="d">31290</subfield>
  </datafield>
</record>
